Tres amigos, tres cimas (Record no. 177333)
[ view plain ]
| 000 -LEADER | |
|---|---|
| campo de control de longitud fija | 01276nam a2200313 4500 |
| 001 - NÚMERO DE CONTROL | |
| campo de control | 177333 |
| 003 - IDENTIFICADOR DE NÚMERO DE CONTROL | |
| campo de control | ES-MaACL |
| 005 - FECHA Y HORA DE LA ÚLTIMA TRANSACCIÓN | |
| campo de control | 20250902085405.0 |
| 008 - DATOS DE LONGITUD FIJA--INFORMACIÓN GENERAL | |
| campo de control de longitud fija | 110315s2009 sp aco |||| |dspa d |
| 017 ## - NÚMERO DE COPYRIGHT O DE DEPÓSITO LEGAL | |
| Número de copyright o de depósito legal | M. 44.565-2009 |
| 020 ## - NÚMERO INTERNACIONAL ESTÁNDAR DEL LIBRO | |
| Número Internacional Estándar del Libro | 9788489318137 |
| 080 ## - NÚMERO DE LA CLASIFICACIÓN DECIMAL UNIVERSAL | |
| Número de la Clasificación Decimal Universal | 796.52(235.211) |
| 080 ## - NÚMERO DE LA CLASIFICACIÓN DECIMAL UNIVERSAL | |
| Número de la Clasificación Decimal Universal | 796.52(236.73) |
| 080 ## - NÚMERO DE LA CLASIFICACIÓN DECIMAL UNIVERSAL | |
| Número de la Clasificación Decimal Universal | 796.52(235.4 Fuji) |
| 100 1# - ENTRADA PRINCIPAL--NOMBRE DE PERSONA | |
| Nombre de persona | Aramendía Gurrea, F. Javier. |
| 9 (RLIN) | 145657 |
| 245 10 - MENCIÓN DEL TÍTULO | |
| Título | Tres amigos, tres cimas |
| Resto del título | = Hiru adiskide, hiru tontor / |
| Mención de responsabilidad, etc. | F. Javier Aramendía Gurrea, Íñigo López de Uralde Garmendia, José Ramón Montejo Garai. |
| 246 31 - FORMA VARIANTE DEL TITULO | |
| Título propio/Titulo breve | Hiru adiskide, hiru tontor |
| 260 ## - PUBLICACIÓN, DISTRIBUCIÓN, ETC. | |
| Lugar de publicación, distribución, etc. | [Madrid] : |
| Nombre del editor, distribuidor, etc. | Real Sociedad Bascongada de Amigos del País, |
| Fecha de publicación, distribución, etc. | [2009] |
| 300 ## - DESCRIPCIÓN FÍSICA | |
| Extensión | 173 p. : |
| Otras características físicas | il. col. y n., fot. ; |
| Dimensiones | 24 cm. |
| 650 #7 - PUNTO DE ACCESO ADICIONAL DE MATERIA--TÉRMINO DE MATERIA | |
| Término de materia o nombre geográfico como elemento de entrada | Montañismo- |
| Subdivisión geográfica | Fuji (Japón, Monte) |
| 9 (RLIN) | 145666 |
| 650 #4 - PUNTO DE ACCESO ADICIONAL DE MATERIA--TÉRMINO DE MATERIA | |
| Término de materia o nombre geográfico como elemento de entrada | Montañismo- |
| Subdivisión geográfica | Kilimanjaro (Tanzania, Monte) |
| 9 (RLIN) | 145667 |
| 650 #4 - PUNTO DE ACCESO ADICIONAL DE MATERIA--TÉRMINO DE MATERIA | |
| Término de materia o nombre geográfico como elemento de entrada | Montañismo- |
| Subdivisión geográfica | Lenin (Rusia, Monte) |
| 9 (RLIN) | 145669 |
| 700 1# - ENTRADA AGREGADA--NOMBRE PERSONAL | |
| Nombre de persona | López de Uralde, Íñigo. |
| 9 (RLIN) | 145658 |
| 700 1# - ENTRADA AGREGADA--NOMBRE PERSONAL | |
| Nombre de persona | Montejo Garai, José Ramón. |
| 9 (RLIN) | 144908 |
| 710 2# - ENTRADA AGREGADA--NOMBRE DE ENTIDAD CORPORATIVA | |
| Nombre de entidad corporativa o nombre de jurisdicción como elemento de entrada | Real Sociedad Bascongada de los Amigos del País |
| 9 (RLIN) | 6366 |
| 852 ## - LOCALIZACIÓN | |
| Ubicación | ES-MaACL |
| itemnumber | 184151 |
| Sublocalización o colección | R.145462 |
| Número de control de estantería | A-11038 |
| Signatura antigua | Olim: N-4043 |
| Ubicación en estantería | Depósito 1 |
| Encuadernación | Donación: Editorial |
| 942 ## - ELEMENTOS DE ENTRADA SECUNDARIOS (KOHA) | |
| Fuente del sistema de clasificación o colocación | Clasificación decimal universal |
| Tipo de ítem Koha | Libro impreso |
| Estatus retirado | Estado de pérdida | Fuente del sistema de clasificación o colocación | Estado de daño | No para préstamo | Biblioteca de origen | Biblioteca actual | Ubicación en estantería | Fecha de adquisición | Fuente de adquisición | Total de préstamos | Signatura topográfica completa | Código de barras | Visto por última vez | Precio de reemplazo | Tipo de ítem Koha |
|---|---|---|---|---|---|---|---|---|---|---|---|---|---|---|---|
| Clasificación decimal universal | Biblioteca del Ateneo de Madrid | Biblioteca del Ateneo de Madrid | Depósito 1 | 15/03/2011 | Donación | A-11038 | 1186250 | 23/02/2023 | 23/02/2023 | Libro impreso |
